000 01383cam a2200337 a 4500
001 EDZ0000064252
003 StDuBDS
005 20161031105109.0
006 m||||||||d||||||||
007 cr |||||||||||
008 120327s2002 enka fo| 001|0|eng d
020 _a9781446217528 (ebook) :
_cNo price
040 _aStDuBDS
_beng
_cStDuBDS
_epn
049 _aAlfaisal Main Library
050 0 _aJC423
_b.C66 2002
082 0 4 _a321.8
_223
245 0 0 _aComparative democratic politics
_h[electronic resource] :
_ba guide to contemporary theory and research /
_cedited by Hans Keman.
260 _aLondon :
_bSAGE,
_cc2002.
300 _a1 online resource (xix, 326 p.) :
_bill.
504 _aIncludes bibliographical references and index.
520 8 _aThis volume brings together a team of renowned international scholars to provide a comprehensive review of theory and research in this essential area of comparative study.
521 _aSpecialized.
588 _aDescription based on print version record.
650 0 _aRepresentative government and representation
_vCross-cultural studies.
655 7 _aElectronic books.
_2local
700 1 _aKeman, Hans.
710 2 _aSage eBooks
776 0 8 _iPrint version :
_z9780761954774
856 4 0 _uhttp://ezproxy.alfaisal.edu/login?url=http://sk.sagepub.com/books/comparative-democratic-politics
942 _2lcc
_cEBOOKS
999 _c479249
_d479249